Loading...
| Science - Biology | 0 | 3 | 0 | 0 | 30 | 90 | 106.00 | 1 | 3 |
| Fine Arts - Painting and Sculpture | 0 | 2 | 0 | 1 | 20 | 133 | 137.50 | 0 | 2 |
| Social Science | 0 | 2 | 1 | 1 | 15 | 126 | 128.00 | 0 | 2 |
| History - Other History | 0 | 1 | 0 | 0 | 10 | 94 | 94.00 | 1 | 1 |
| Science - Chemistry | 0 | 1 | 0 | 1 | 10 | 121 | 121.00 | 1 | 1 |
| Geography | 0 | 1 | 0 | 1 | 10 | 106 | 106.00 | 0 | 1 |
| Mythology | 0 | 1 | 0 | 0 | 10 | 123 | 123.00 | 0 | 1 |
| Science - Other Science | 0 | 1 | 0 | 0 | 10 | 85 | 85.00 | 0 | 1 |
| Religion | 0 | 1 | 1 | 0 | 5 | 136 | 136.00 | 0 | 1 |
| Philosophy | 0 | 0 | 0 | 0 | 0 | 0.00 | 0 | 0 | |
| Literature - British Literature | 0 | 0 | 0 | 0 | 0 | 0.00 | 0 | 0 | |
| Fine Arts - Other Fine Arts | 0 | 0 | 0 | 0 | 0 | 0.00 | 0 | 0 |